Т. 2: Рассказы, роман, пьесы; Собрание сочинений

Dades bibliogràfiques
Parent link:Собрание сочинений: в 5 т./ В. В. Белов. Т. 2: Рассказы, роман, пьесы.— , 1991-.— 5-270-01456-4
Idioma:rus
Publicat: 1991
Matèries:
Format: MixedMaterials Llibre
KOHA link:https://koha.lib.tpu.ru/cgi-bin/koha/opac-detail.pl?biblionumber=132982

MARC

LEADER 00000nam2a2200000 4500
001 132982
005 20231031135151.0
010 |a 5270014521 
035 |a (RuTPU)RU\TPU\book\143996 
035 |a RU\TPU\book\95109 
090 |a 132982 
100 |a 20080311d1991 m y0rusy50 ca 
101 0 |a rus 
102 |a RU 
105 |a y z 000ay 
200 0 |a Т. 2: Рассказы, роман, пьесы 
210 |d 1991 
215 |a 734 с. 
461 1 |0 (RuTPU)RU\TPU\book\95108  |y 5-270-01456-4  |t Собрание сочинений  |o в 5 т.  |f В. В. Белов  |v Т. 2: Рассказы, роман, пьесы  |d 1991- 
610 1 |a советская литература 
610 1 |a рассказы 
610 1 |a романы 
610 1 |a пьесы 
675 |a Р2  |v 3 
801 2 |a RU  |b 63413507  |c 20220916  |g PSBO 
942 |c BK